Normal view
MARC view
- Estadística matemática
Entry Materia
001 - NÚMERO DE CONTROL DEL REGISTRO
- campo de control: 51584
003 - IDENTIFICADOR DE NUMERO DE CONTROL
- campo de control: UPN
005 - FECHA Y HORA DE LA ÚLTIMA TRANSACCIÓN
- campo de control: 20240417124806.0
008 - DATOS DE LONGITUD FIJA
- campo de control de longitud fija: 240417|| acn||babn | a|a d
040 ## - FUENTE DE LA CATALOGACIÓN
- Centro catalogador de origen: MX-MxUPN
- Lengua de catalogación: spa
- Agencia de transcripción: MX-MxUPN
150 ## - ENCABEZAMIENTO - TEMÁTICO
- Término de materia o nombre geográfico como elemento inicial: Estadística matemática
- Subdivisión de materia general: Estudio y enseñanza (Elemental)
670 ## - FUENTE EN LA QUE SE LOCALIZARON DATOS
- Cita de la fuente: Autoridades BGTQ, 17 abril 2024 :
- Información localizada: (Estadística Matemática-Estudio y enseñanza (Elemental))
902 ## - CATALOGADOR
- Catalogador: MaríaRobles/170424
